000 00322pam a2200121 a 4500
020 _a0-304-29604-X
_c
041 _h
082 _a423
_bPIN/THO
100 _aPINK M. A.,THOMOS S. E.,
245 _aENGLISH GRAMMAR COMPOSITION AND CORRESPONDENCE
_hTextual Documents
260 _aLONDON
_bCASSELL LTD
_c1970
930 _a10051
999 _c129504
_d129504